Infernal Devices Quiz - Statistics

General Stats
  • This quiz has been taken 270 times
  • The average score is 10 of 15
Answer Stats
Hint Answer % Correct
What Jem becomes Silent Brother
95%
Who kisses Tessa first Will
95%
Name of the oldest Lightwood brother Gideon
94%
What Tessa is Warlock
89%
Will's little sister Cecily
86%
Name of the cat that Jem saves Church
84%
What Tessa's mother was Shadowhunter
83%
Name of the maid Sophie
82%
Charlotte's maiden name Fairchild
69%
What Will fears Ducks
67%
When will Tessa stop aging Ninteen
41%
How long the Dark sisters held Tessa captive Six weeks
32%
Image on the Herondale ring Birds in flight
29%
Name of the demon who killed Jem's parents Yanluo
20%
Image on the Lightwood ring Crossed torches
3%
No matching quizzes found
Score Distribution
Percent of People with Each Score
Percentile by Number Answered
Your Score History
You have not taken this quiz